Normal view
MARC view
Entry Personal Name
001 - CONTROL NUMBER
- control field: 372017
003 - CONTROL NUMBER IDENTIFIER
- control field:
005 - DATE AND TIME OF LATEST TRANSACTION
- control field: 20210602112659.0
008 - FIXED-LENGTH DATA ELEMENTS
- fixed length control field: 210602|| aca||aabn | a|a d
040 ## - CATALOGING SOURCE
- Original cataloging agency:
- Transcribing agency:
100 ## - HEADING--PERSONAL NAME
- Personal name: Johnson, Ronald W.
670 ## - SOURCE DATA FOUND
- Source citation: Work cat.: (): Lee, Robert D. 372016, Public budgeting systems /, 1973
